Statistics for She Fell In Love In The Summer - Omar Rudberg

Click here to take the quiz!

General Stats

  • This quiz has been taken 25 times
  • The average score is 180 of 224

Answer Stats

Answer% Correct
a
100%
be"
100%
fell
100%
he
100%
love
100%
BRIDGE | CHORUS | OUTRO | VERSE 1She
100%
she
100%
so
100%
summer
100%
the
100%
her
93%
in
93%
loved
93%
no
93%
No
93%
was
93%
Was
93%
And
86%
and
86%
as
86%
believed
86%
cause
86%
CHORUSCause
86%
dance
86%
ever
86%
just
86%
life
86%
one
86%
VERSE 2One
86%
boy
79%
but
79%
But
79%
free
79%
"I'm
79%
it
79%
not
79%
Someone
79%
when
79%
another
71%
breeze
71%
day
71%
lights
71%
like
71%
of
71%
way
71%
cigarette
64%
feels
64%
I'll
64%
lie
64%
likes
64%
low
64%
old
64%
Screaming
64%
shines
64%
still
64%
well
64%
again
57%
all
57%
gets
57%
high
57%
know
57%
little
57%
loser
57%
lot
57%
met
57%
pretending
57%
really
57%
seen
57%
she's
57%
things
57%
Thinking
57%
treated
57%
understood
57%
up
57%
who
57%
bottom
50%
drifted
50%
feeling
50%
made
50%
mind
50%
tired
50%
wind
50%
with
50%
would
50%
cold
43%
friends
43%
got
43%
hitting
43%
No-one
43%
tells
43%
warm
43%
without
43%
after
36%
anyone
36%
letting
36%

Score Distribution

Percentile by Number Answered

Percent of People with Each Score

Your Score History

You have not taken this quiz